000
00317 a2200145 4500
999
_c
12114
_d
12114
003
OSt
005
20240117170754.0
008
240117b ||||| |||| 00| 0 eng d
020
_a
3782820312
082
_a
721.042
100
_a
Frei Otto
245
_a
IL 31 Bambus - Bamboo
260
_b
Kramer
_c
1990
942
_2
ddc